[Event "32nd Rilton Cup"]
[Site "Stockholm SWE"]
[Date "2002.12.27"]
[Round "1.1"]
[White "Celander, Jesper"]
[Black "Jussupow, Artur"]
[Result "0-1"]
[WhiteElo "2180"]
[BlackElo "2622"]
[EventDate "2002.12.27"]
[PlyCount "46"]

1.d4 e6 2.Nf3 f5 3.d5 exd5 4.Qxd5 d6 5.Ng5 Qe7 6.Nxh7 Rxh7 7.Qxg8 Rh4 8.
Qb3 Nc6 9.c3 Ne5 10.e3 f4 11.Na3 c6 12.Be2 Bf5 13.c4 O-O-O 14.Bd2 d5 15.
cxd5 Rxd5 16.Nb5 Rxb5 17.Bxb5 cxb5 18.Qxb5 f3 19.Rc1+ Kb8 20.gxf3 Nxf3+ 
21.Kd1 Qd8 22.Qa5 b6 23.Qc3 Rc4 0-1

[Event "32nd Rilton Cup"]
[Site "Stockholm SWE"]
[Date "2002.12.27"]
[Round "1.2"]
[White "Gleizerov, Evgeny"]
[Black "Timmermans, Ivo"]
[Result "1/2-1/2"]
[WhiteElo "2581"]
[BlackElo "2180"]
[EventDate "2002.12.27"]
[PlyCount "53"]

1.d4 d5 2.c4 c6 3.Nf3 Nf6 4.Nc3 e6 5.g3 dxc4 6.Bg2 b5 7.Ne5 Nd5 8.a4 a6 9.
axb5 cxb5 10.Nxb5 axb5 11.Rxa8 Bb7 12.Ra7 Qb6 13.Rxb7 Qxb7 14.O-O Be7 15.
e4 Nf6 16.d5 Qc7 17.Ng4 Nbd7 18.Re1 O-O 19.Bf4 e5 20.Nxf6+ Nxf6 21.Be3 Ra8
22.Bf3 Ne8 23.Qc2 Bc5 24.b3 Nd6 25.bxc4 Bxe3 26.Rxe3 Qxc4 27.Qxc4 1/2-1/2

[Event "32nd Rilton Cup"]
[Site "Stockholm SWE"]
[Date "2002.12.27"]
[Round "1.3"]
[White "Nordstroem, Felix"]
[Black "Ulybin, Mikhail"]
[Result "0-1"]
[WhiteElo "2176"]
[BlackElo "2581"]
[EventDate "2002.12.27"]
[PlyCount "50"]

1.d4 e6 2.c4 f5 3.g3 Nf6 4.Bg2 c6 5.Nf3 d5 6.O-O Bd6 7.b3 Qe7 8.Bb2 b6 9.
Qc2 O-O 10.Nc3 Ba6 11.Ne5 Rc8 12.cxd5 cxd5 13.Rfc1 Nbd7 14.Nd3 Ne4 15.Qd1 
Ndf6 16.Rc2 Ng4 17.e3 Qf6 18.Rac1 Qh6 19.h3 Nxe3 20.fxe3 Qxe3+ 21.Nf2 Qxg3
22.Nfxe4 fxe4 23.Nxe4 Qh2+ 24.Kf2 Rf8+ 25.Ke1 Qg1+ 0-1

[Event "32nd Rilton Cup"]
[Site "Stockholm SWE"]
[Date "2002.12.27"]
[Round "1.4"]
[White "Popov, Valery"]
[Black "Andersson, Rikard"]
[Result "1-0"]
[WhiteElo "2568"]
[BlackElo "2175"]
[EventDate "2002.12.27"]
[PlyCount "101"]

1.Nf3 Nf6 2.c4 g6 3.Nc3 Bg7 4.e4 d6 5.d4 O-O 6.Be2 Nc6 7.d5 Nb8 8.h3 e5 9.
Bg5 h6 10.Be3 Nbd7 11.Nd2 a5 12.a3 Ne8 13.b4 f5 14.f3 b6 15.Rc1 Nef6 16.g4
axb4 17.axb4 fxe4 18.Ndxe4 Nxe4 19.Nxe4 Nf6 20.Bd3 Nxe4 21.Bxe4 Ra3 22.Ke2
Bf5 23.gxf5 gxf5 24.Bb1 e4 25.f4 Qh4 26.Qe1 Qh5+ 27.Kd2 Rfa8 28.Rg1 Kh7 
29.Qf2 Qf7 30.Ke1 Bc3+ 31.Kf1 Bxb4 32.Rc2 Bc5 33.Rg3 Rxe3 34.Rxe3 Ra1 35.
Rc1 Qf6 36.Rce1 Ra3 37.Qg3 Bxe3 38.Rxe3 Rxe3 39.Qxe3 Qb2 40.Bxe4 fxe4 41.
Qxe4+ Kg7 42.Qg2+ Qxg2+ 43.Kxg2 Kf6 44.Kg3 Kf5 45.Kf3 h5 46.Kg3 Ke4 47.Kh4
b5 48.cxb5 Kxd5 49.f5 Ke5 50.Kg5 d5 51.f6 1-0

[Event "32nd Rilton Cup"]
[Site "Stockholm SWE"]
[Date "2002.12.27"]
[Round "1.6"]
[White "Ivanov, Sergei"]
[Black "Ong, Kezli"]
[Result "1-0"]
[WhiteElo "2561"]
[BlackElo "2171"]
[EventDate "2002.12.27"]
[PlyCount "129"]

1.d4 Nf6 2.c4 e6 3.Nc3 Bb4 4.Qc2 O-O 5.a3 Bxc3+ 6.Qxc3 b6 7.Bg5 Bb7 8.e3 
d6 9.f3 c5 10.dxc5 dxc5 11.Nh3 Nbd7 12.Bd3 Qe7 13.O-O Rfe8 14.Rad1 Rad8 
15.Nf2 Kh8 16.Rd2 e5 17.Bf5 h6 18.Bh4 Nf8 19.Rxd8 Rxd8 20.Ng4 g5 21.Qxe5 
Qxe5 22.Nxe5 Kg7 23.Be1 Ne8 24.Bc3 f6 25.Ng4 h5 26.Nf2 Kf7 27.b3 Ke7 28.
Rd1 Rxd1+ 29.Nxd1 Nd6 30.Bd3 Bc6 31.e4 Ne6 32.Kf2 Nf4 33.Bf1 b5 34.e5 fxe5
35.Bxe5 bxc4 36.bxc4 Nf5 37.Ne3 Ke6 38.Bb8 a6 39.Ba7 Nd4 40.Bxc5 Nb3 41.
Bb4 a5 42.Bc3 Kd6 43.Nf5+ Kc5 44.Ke3 Ne6 45.Bf6 Bb7 46.Be7+ Kc6 47.Nd6 Ba6
48.Ne4 g4 49.fxg4 hxg4 50.Bf6 a4 51.Be2 Na5 52.Nd2 Nc5 53.Bxg4 Ncb3 54.Be7
Nxd2 55.Kxd2 Nxc4+ 56.Kc3 Ne5 57.Bd1 Bb5 58.h4 Kd7 59.Bf6 Nf7 60.Kb4 Bf1 
61.g4 Ke6 62.g5 Bd3 63.Bxa4 Nh6 64.Bb3+ Kf5 65.Kc3 1-0

[Event "32nd Rilton Cup"]
[Site "Stockholm SWE"]
[Date "2002.12.27"]
[Round "1.8"]
[White "Berg, Emanuel"]
[Black "Landgren, Andreas"]
[Result "1-0"]
[WhiteElo "2535"]
[BlackElo "2164"]
[EventDate "2002.12.27"]
[PlyCount "55"]

1.e4 c5 2.Nf3 d6 3.d4 cxd4 4.Nxd4 Nf6 5.Nc3 a6 6.Be3 e6 7.f4 Qc7 8.Qf3 b5 
9.Bd3 Bb7 10.g4 b4 11.Nce2 d5 12.e5 Ne4 13.Ng3 Nxg3 14.hxg3 Nc6 15.O-O-O 
g6 16.Rh2 O-O-O 17.Nxc6 Qxc6 18.Qh1 Bg7 19.Rxh7 Qa4 20.Bb6 Rde8 21.Kb1 Bc6
22.b3 Qa3 23.Qg1 Rxh7 24.Qc5 Kb7 25.Ba5 Rc8 26.Bxa6+ Kb8 27.Qb6+ Ka8 28.
Bxc8 1-0

[Event "32nd Rilton Cup"]
[Site "Stockholm SWE"]
[Date "2002.12.27"]
[Round "1.9"]
[White "Hansson, Haakan"]
[Black "Wedberg, Tom"]
[Result "0-1"]
[WhiteElo "2163"]
[BlackElo "2530"]
[EventDate "2002.12.27"]
[PlyCount "62"]

1.d4 Nf6 2.Nf3 e6 3.g3 c5 4.c3 b6 5.Bg2 Bb7 6.O-O Be7 7.Bg5 O-O 8.Nbd2 h6 
9.Bxf6 Bxf6 10.e3 Nc6 11.Qa4 Rb8 12.Rad1 Qc7 13.Rfe1 Rfc8 14.Ne4 Be7 15.
dxc5 bxc5 16.c4 Ba8 17.Re2 Rd8 18.b3 d5 19.cxd5 Rb4 20.Qa3 Rxe4 21.Nd2 Nd4
22.Ree1 Nb5 23.Qc1 Re5 24.Nc4 Rexd5 25.Bxd5 exd5 26.Nb2 d4 27.e4 Nc3 28.
Rd2 Nxe4 29.Rde2 d3 30.Rxe4 d2 31.Rxe7 dxc1=Q 0-1

[Event "32nd Rilton Cup"]
[Site "Stockholm SWE"]
[Date "2002.12.27"]
[Round "1.12"]
[White "Holm, Magnus"]
[Black "Handke, Florian"]
[Result "0-1"]
[WhiteElo "2247"]
[BlackElo "2504"]
[EventDate "2002.12.27"]
[PlyCount "72"]

1.d4 Nf6 2.c4 e6 3.Nc3 Bb4 4.Qc2 O-O 5.Nf3 b6 6.a3 Bxc3+ 7.Qxc3 Ne4 8.Qc2 
f5 9.g3 Bb7 10.Bg2 Nf6 11.O-O Be4 12.Qc3 Qe8 13.b3 d6 14.Bb2 Nbd7 15.Rad1 
Qh5 16.Rfe1 Rae8 17.b4 f4 18.gxf4 b5 19.d5 e5 20.Ng5 Bxg2 21.Kxg2 bxc4 22.
Ne6 Nxd5 23.Rxd5 Rxe6 24.Bc1 Rg6+ 25.Kh1 Rh6 26.Qg3 Nf6 27.Ra5 Rg6 28.Qf3 
Ng4 29.h3 Qh4 30.Rf1 e4 31.Qg2 Nxf2+ 32.Rxf2 Rxg2 33.Kxg2 Rf6 34.f5 e3 35.
Bxe3 Qe4+ 36.Rf3 d5 0-1

[Event "32nd Rilton Cup"]
[Site "Stockholm SWE"]
[Date "2002.12.27"]
[Round "1.13"]
[White "Norberg, Johan"]
[Black "Lobron, Eric"]
[Result "0-1"]
[WhiteElo "2153"]
[BlackElo "2500"]
[EventDate "2002.12.27"]
[PlyCount "114"]

1.g3 d5 2.Bg2 c6 3.d3 e5 4.Nd2 Nf6 5.e4 Bd6 6.Ngf3 O-O 7.O-O Re8 8.Re1 a5 
9.h3 Na6 10.Nf1 dxe4 11.dxe4 Nc5 12.N3d2 Bf8 13.Ne3 a4 14.Ng4 b5 15.Nxf6+ 
Qxf6 16.Qf3 Qxf3 17.Nxf3 f6 18.a3 Be6 19.Be3 Rad8 20.Bd2 Nb7 21.Bf1 Nd6 
22.Bb4 Nc4 23.Bxf8 Kxf8 24.b3 Nd6 25.Nd2 Ra8 26.f3 Ra7 27.Rec1 Rc8 28.Kf2 
Ke7 29.Be2 Kd7 30.Ke3 axb3 31.cxb3 Rca8 32.a4 bxa4 33.bxa4 Rxa4 34.Rxa4 
Rxa4 35.Rc3 Kc7 36.h4 Kb6 37.f4 c5 38.fxe5 fxe5 39.Rc2 Ra3+ 40.Kf2 Ra2 41.
Rxa2 Bxa2 42.Ke3 Ka5 43.Nf3 Nf7 44.Kd2 Kb4 45.Ne1 c4 46.Nc2+ Kc5 47.g4 Nd6
48.Ke3 Bb1 49.Na3 Ba2 50.Nc2 Nb5 51.Bf1 Nd4 52.Ne1 Bb1 53.h5 h6 54.Bg2 Kb4
55.Bf1 Kb3 56.Bg2 c3 57.Bf1 Nc2+ 0-1

[Event "32nd Rilton Cup"]
[Site "Stockholm SWE"]
[Date "2002.12.27"]
[Round "1.14"]
[White "Trygstad, Kristian"]
[Black "Loven, Anders"]
[Result "1-0"]
[WhiteElo "2299"]
[BlackElo "2151"]
[EventDate "2002.12.27"]
[PlyCount "47"]

1.e4 d5 2.exd5 Qxd5 3.Nc3 Qa5 4.d4 Nf6 5.Bd2 c6 6.Bc4 Bf5 7.Nf3 e6 8.Nd5 
Qd8 9.Nxf6+ gxf6 10.Bb3 Nd7 11.Qe2 Qc7 12.O-O-O O-O-O 13.Nh4 Bg6 14.g3 Nb6
15.Ba5 Bh6+ 16.Kb1 Rhe8 17.f4 f5 18.Rd3 Bg7 19.Rhd1 Re7 20.c4 c5 21.dxc5 
Rxd3 22.Qxd3 Rd7 23.cxb6 Rxd3 24.bxc7 1-0

[Event "32nd Rilton Cup"]
[Site "Stockholm SWE"]
[Date "2002.12.27"]
[Round "1.15"]
[White "Baskite, Viktoria"]
[Black "Vasquez Schroder, Rodrigo"]
[Result "0-1"]
[WhiteElo "2144"]
[BlackElo "2481"]
[EventDate "2002.12.27"]
[PlyCount "86"]

1.Nf3 Nf6 2.c4 c5 3.g3 b6 4.Bg2 Bb7 5.O-O e6 6.Nc3 Be7 7.b3 O-O 8.Bb2 d6 
9.d3 a6 10.e3 Nbd7 11.Qe2 Qc7 12.Rfd1 Rfe8 13.Rac1 Rac8 14.h3 Qb8 15.d4 
Bf8 16.Ng5 Bxg2 17.Kxg2 Qb7+ 18.Qf3 d5 19.cxd5 exd5 20.h4 cxd4 21.exd4 Bb4
22.Qd3 h6 23.Nh3 Ne4 24.f3 Nxc3 25.Bxc3 Bxc3 26.Rxc3 Rxc3 27.Qxc3 Re2+ 28.
Nf2 Rxa2 29.Re1 Nf6 30.g4 Qd7 31.Re3 a5 32.Qe1 Rc2 33.Rc3 Rxc3 34.Qxc3 h5 
35.g5 Ne8 36.Nd3 Nd6 37.Ne5 Qc8 38.Qd3 Nf5 39.Qb5 Nxh4+ 40.Kg3 Nf5+ 41.Kf4
Nxd4 42.Qxd5 Qf5+ 43.Ke3 Ne6 0-1

[Event "32nd Rilton Cup"]
[Site "Stockholm SWE"]
[Date "2002.12.27"]
[Round "1.16"]
[White "Djurhuus, Rune"]
[Black "Luna, Gustavo"]
[Result "1-0"]
[WhiteElo "2479"]
[BlackElo "2143"]
[EventDate "2002.12.27"]
[PlyCount "129"]

1.Nf3 Nf6 2.c4 g6 3.Nc3 Bg7 4.e4 d6 5.d4 O-O 6.Be2 c5 7.d5 a6 8.a4 Bg4 9.
Nd2 Bxe2 10.Qxe2 Nbd7 11.O-O e5 12.dxe6 fxe6 13.Nf3 Nh5 14.Rd1 Ne5 15.Nxe5
Bxe5 16.g3 Qf6 17.Rd3 g5 18.Nd1 Qg6 19.Qg4 Ng7 20.f3 Bd4+ 21.Kg2 d5 22.
cxd5 exd5 23.Qxg5 Qxg5 24.Bxg5 dxe4 25.fxe4 Rae8 26.Bf4 Rxe4 27.Nc3 Ree8 
28.Rf1 Re6 29.b3 Rfe8 30.Kh3 Nh5 31.Bg5 Rg6 32.Rf5 Ng7 33.Rd5 Ne6 34.Bh4 
Bxc3 35.Rxc3 b5 36.Re5 bxa4 37.bxa4 Rb8 38.Rce3 Kf7 39.Rf3+ Kg8 40.Rfe3 
Kf7 41.Rf3+ Kg8 42.a5 h6 43.Rfe3 Kf7 44.Rd3 Rb7 45.Rf3+ Kg8 46.Bf6 Ng5+ 
47.Bxg5 hxg5 48.Kg4 Rb5 49.Kh5 Kh7 50.Rf7+ Rg7 51.Rxg7+ Kxg7 52.Rxg5+ Kf7 
53.g4 Rxa5 54.Rf5+ Kg7 55.Rd5 Rb5 56.Rd7+ Kf8 57.g5 a5 58.h4 Rb4 59.Rc7 
Rc4 60.g6 a4 61.Kg5 a3 62.Ra7 Rc3 63.g7+ Kg8 64.Kh6 Rg3 65.Ra8+ 1-0

[Event "32nd Rilton Cup"]
[Site "Stockholm SWE"]
[Date "2002.12.27"]
[Round "1.18"]
[White "Kovalevskaya, Ekaterina"]
[Black "Ask, Josef"]
[Result "1-0"]
[WhiteElo "2466"]
[BlackElo "2128"]
[EventDate "2002.12.27"]
[PlyCount "63"]

1.e4 e5 2.Nf3 Nc6 3.Bb5 a6 4.Ba4 Nf6 5.O-O Be7 6.Bxc6 dxc6 7.d3 Nd7 8.Nbd2
f6 9.Nh4 O-O 10.Nf5 Rf7 11.f4 c5 12.Nc4 Bf8 13.Qh5 g6 14.Nh6+ Bxh6 15.Qxh6
Qe7 16.a4 b6 17.f5 Rg7 18.fxg6 hxg6 19.Qh4 Bb7 20.Qg3 Kh7 21.Bh6 Rf7 22.
Bd2 Rh8 23.Ne3 Qd6 24.Rf2 Bc8 25.Raf1 c6 26.Ng4 Kg7 27.Bg5 f5 28.exf5 gxf5
29.Ne3 Qg6 30.Nxf5+ Kh7 31.Qh4+ Kg8 32.Nh6+ 1-0

[Event "32nd Rilton Cup"]
[Site "Stockholm SWE"]
[Date "2002.12.27"]
[Round "1.24"]
[White "Aakesson, Ralf"]
[Black "Namini, Armin"]
[Result "1-0"]
[WhiteElo "2440"]
[BlackElo "2114"]
[EventDate "2002.12.27"]
[PlyCount "84"]

1.Nf3 Nf6 2.c4 e6 3.g3 b6 4.Bg2 Bb7 5.O-O Be7 6.Nc3 O-O 7.Re1 c5 8.e4 d6 
9.d4 cxd4 10.Nxd4 Qc8 11.Be3 Rd8 12.Rc1 a6 13.f4 Nbd7 14.g4 Bf8 15.g5 Ne8 
16.b3 e5 17.Nde2 exf4 18.Nxf4 Bc6 19.Ncd5 Bxd5 20.exd5 Qb8 21.Bd4 Ra7 22.
b4 g6 23.Rc3 Rc7 24.Bh3 Bg7 25.Re4 Bxd4+ 26.Qxd4 Ne5 27.Rxe5 dxe5 28.Qxe5 
Nd6 29.Bf1 Re8 30.Qxd6 Qc8 31.Bh3 Qb7 32.Qf6 Rce7 33.Kf2 a5 34.d6 Re1 35.
Nd5 R1e2+ 36.Kg3 Qb8 37.Rf3 axb4 38.Qxf7+ Kh8 39.Qf6+ Kg8 40.Kh4 R2e4+ 41.
Bg4 Qc8 42.Qf7+ Kh8 1-0

[Event "32nd Rilton Cup"]
[Site "Stockholm SWE"]
[Date "2002.12.27"]
[Round "1.35"]
[White "Dalmau, Anneli"]
[Black "Hermansson, Emil"]
[Result "0-1"]
[WhiteElo "2089"]
[BlackElo "2370"]
[EventDate "2002.12.27"]
[PlyCount "62"]

1.e4 c5 2.Nf3 Nc6 3.d4 cxd4 4.Nxd4 Nf6 5.Nc3 e5 6.Ndb5 d6 7.Nd5 Nxd5 8.
exd5 Nb8 9.c4 Be7 10.Bd3 O-O 11.O-O f5 12.f3 a6 13.Nc3 Bg5 14.Bxg5 Qxg5 
15.Qc1 Qf6 16.Rd1 Nd7 17.b4 e4 18.Be2 a5 19.a3 exf3 20.Bxf3 Ne5 21.Be2 f4 
22.Rf1 Nxc4 23.Bxc4 Qd4+ 24.Kh1 Qxc4 25.Qb2 Bg4 26.Rac1 f3 27.g3 f2 28.
Rxf2 Rxf2 29.Qxf2 Rf8 30.Qe3 Rf1+ 31.Kg2 Bf3+ 0-1

[Event "32nd Rilton Cup"]
[Site "Stockholm SWE"]
[Date "2002.12.27"]
[Round "1.49"]
[White "Hedlund, Niklas"]
[Black "Tetenkina, Irina"]
[Result "0-1"]
[WhiteElo "2037"]
[BlackElo "2251"]
[EventDate "2002.12.27"]
[PlyCount "44"]

1.e4 e6 2.d4 d5 3.e5 c5 4.c3 Qb6 5.Nf3 Bd7 6.Be2 Bb5 7.c4 Bxc4 8.Bxc4 dxc4
9.d5 exd5 10.Qxd5 Ne7 11.Qxc4 Ng6 12.Nc3 Qa6 13.Nb5 Qc6 14.O-O Be7 15.Bg5 
a6 16.Nc3 O-O 17.Bxe7 Nxe7 18.Rad1 Nd7 19.Rd2 Ng6 20.Re1 Rae8 21.Rde2 b5 
22.Qd3 Nf4 0-1

[Event "32nd Rilton Cup"]
[Site "Stockholm SWE"]
[Date "2002.12.28"]
[Round "2.1"]
[White "Jussupow, Artur"]
[Black "Aagaard, Jacob"]
[Result "1-0"]
[WhiteElo "2622"]
[BlackElo "2371"]
[EventDate "2002.12.27"]
[PlyCount "117"]

1.d4 Nf6 2.Nf3 g6 3.g3 Bg7 4.Bg2 O-O 5.c4 d6 6.O-O Nbd7 7.Nc3 e5 8.e4 c6 
9.Be3 a5 10.h3 exd4 11.Nxd4 Re8 12.Qc2 Nc5 13.Rad1 Qe7 14.Rfe1 Bd7 15.Bf4 
Nh5 16.Nxc6 Bxc6 17.Bxd6 Qe6 18.Bxc5 Qxc4 19.Bb6 Nf6 20.Qb3 Qxb3 21.axb3 
Re6 22.Rd8+ Rxd8 23.Bxd8 Nd7 24.Bxa5 Nc5 25.Rd1 Nxb3 26.Bb4 h5 27.Nd5 Ba4 
28.Nc3 Bc6 29.Rd8+ Kh7 30.Nd5 Bxb2 31.Nc7 Rxe4 32.Bxe4 Bxe4 33.Nb5 Bc6 34.
Bc3 Bxc3 35.Nxc3 Kg7 36.f4 Nc5 37.Rd4 Kf6 38.Nd5+ Ke6 39.Nb4 Be4 40.Rc4 
Kd6 41.Rd4+ Ke7 42.Kf2 Bf5 43.Nd5+ Ke6 44.Nc7+ Ke7 45.h4 Be4 46.Ke3 Bc6 
47.f5 Kf6 48.fxg6 fxg6 49.Kf4 Ne6+ 50.Nxe6 Kxe6 51.Rd8 Ke7 52.Rd2 Ke6 53.
Re2+ Kf6 54.Re1 Bd5 55.Rb1 Bc6 56.Rb6 Ke6 57.Kg5 Kf7 58.Kh6 Kf6 59.Rb4 1-0

[Event "32nd Rilton Cup"]
[Site "Stockholm SWE"]
[Date "2002.12.28"]
[Round "2.2"]
[White "Ulybin, Mikhail"]
[Black "Shumiakina, Tatania"]
[Result "1-0"]
[WhiteElo "2581"]
[BlackElo "2364"]
[EventDate "2002.12.27"]
[PlyCount "61"]

1.e4 c5 2.Nf3 Nc6 3.Bb5 e6 4.O-O Nge7 5.Re1 a6 6.Bf1 d5 7.e5 Nf5 8.c3 Nh4 
9.Nxh4 Qxh4 10.Na3 Bd7 11.Nc2 Rc8 12.d4 cxd4 13.cxd4 Qd8 14.Re3 g6 15.Rg3 
Be7 16.Bh6 Bf8 17.Bxf8 Kxf8 18.Qd2 Kg7 19.Bd3 h5 20.Qf4 Qe7 21.h4 Na5 22.
Ne1 Nc4 23.Rb1 b5 24.Nf3 b4 25.Ng5 Rhf8 26.Rf3 Bb5 27.Rc1 Nb6 28.Rxc8 Nxc8
29.Bxg6 f6 30.Nxe6+ Qxe6 31.Rg3 1-0

[Event "32nd Rilton Cup"]
[Site "Stockholm SWE"]
[Date "2002.12.28"]
[Round "2.3"]
[White "Lindberg, Bengt"]
[Black "Popov, Valery"]
[Result "1-0"]
[WhiteElo "2382"]
[BlackElo "2568"]
[EventDate "2002.12.27"]
[PlyCount "76"]

1.e4 c5 2.Nf3 d6 3.d4 Nf6 4.Nc3 cxd4 5.Nxd4 a6 6.Be2 g6 7.Be3 Bg7 8.Qd2 
Nbd7 9.O-O-O b5 10.f3 h5 11.Nd5 Bb7 12.Nxf6+ Bxf6 13.Kb1 Rc8 14.h3 h4 15.
Nb3 Qc7 16.Rhe1 O-O 17.Bg5 d5 18.Bxf6 Nxf6 19.e5 Qxe5 20.Bxb5 Qc7 21.Bd3 
Kg7 22.Nd4 Rh8 23.Bxg6 Kxg6 24.Qd3+ Kg7 25.Rxe7 Qxe7 26.Nf5+ Kf8 27.Nxe7 
Kxe7 28.Re1+ Kf8 29.Qd4 Kg7 30.Re5 Rh6 31.b3 Rc7 32.Rg5+ Rg6 33.Qxh4 Bc8 
34.Rxg6+ fxg6 35.Qd4 Bf5 36.g4 Bxc2+ 37.Kb2 Kf7 38.Qf4 Rc6 1-0

[Event "32nd Rilton Cup"]
[Site "Stockholm SWE"]
[Date "2002.12.28"]
[Round "2.4"]
[White "Stefansson, Hannes Hlifar"]
[Black "Hedman, Erik"]
[Result "1-0"]
[WhiteElo "2566"]
[BlackElo "2336"]
[EventDate "2002.12.27"]
[PlyCount "57"]

1.e4 e6 2.d4 d5 3.Nc3 Bb4 4.e5 Ne7 5.a3 Bxc3+ 6.bxc3 c5 7.Qg4 O-O 8.Bd3 
Nbc6 9.Qh5 Ng6 10.Nh3 Nce7 11.O-O Qa5 12.Bg5 f6 13.exf6 gxf6 14.Nf4 fxg5 
15.Nxg6 hxg6 16.Bxg6 Nxg6 17.Qxg6+ Kh8 18.Rae1 Qc7 19.Qh6+ Kg8 20.Re5 Rf7 
21.f4 Qe7 22.Rf3 Rh7 23.Rxg5+ Kh8 24.Qg6 Qf7 25.Qd3 Bd7 26.Rfg3 Rf8 27.Qe3
Rh6 28.Qe5+ Qf6 29.Rh5 1-0

[Event "32nd Rilton Cup"]
[Site "Stockholm SWE"]
[Date "2002.12.28"]
[Round "2.5"]
[White "Hermansson, Emil"]
[Black "Ivanov, Sergei"]
[Result "1/2-1/2"]
[WhiteElo "2370"]
[BlackElo "2561"]
[EventDate "2002.12.27"]
[PlyCount "94"]

1.e4 e6 2.d4 d5 3.Nc3 Bb4 4.e5 c5 5.a3 Ba5 6.b4 cxd4 7.Qg4 Ne7 8.bxa5 dxc3
9.Qxg7 Rg8 10.Qxh7 Nbc6 11.f4 Qxa5 12.Nf3 Bd7 13.Rb1 O-O-O 14.Qd3 a6 15.
Rb3 d4 16.Nxd4 Nxd4 17.Qxd4 Bc6 18.Qxc3 Qa4 19.Qb4 Qxb4+ 20.axb4 Bxg2 21.
Rc3+ Kb8 22.Bxg2 Rxg2 23.Rd3 Rxd3 24.cxd3 Nc6 25.h4 Nxb4 26.Rh3 Nd5 27.h5 
Rg1+ 28.Kd2 b5 29.h6 Rg8 30.d4 Kc7 31.Kd3 Rh8 32.Ke4 b4 33.f5 a5 34.Rg3 
Nc3+ 35.Kd3 exf5 36.Rg7 Kc6 37.Rxf7 Nd5 38.Rxf5 b3 39.Rf2 a4 40.Kc4 Nb6+ 
41.Kb4 Kd5 42.Re2 Nc4 43.e6 Rb8+ 44.Kxa4 b2 45.Bxb2 Nxb2+ 46.Ka3 Nc4+ 47.
Ka2 Kxd4 1/2-1/2

[Event "32nd Rilton Cup"]
[Site "Stockholm SWE"]
[Date "2002.12.28"]
[Round "2.6"]
[White "Gallagher, Joseph"]
[Black "Von Bahr, Oskar"]
[Result "1-0"]
[WhiteElo "2540"]
[BlackElo "2320"]
[EventDate "2002.12.27"]
[PlyCount "55"]

1.e4 c5 2.Nf3 d6 3.d4 cxd4 4.Nxd4 Nf6 5.Nc3 Nc6 6.Bg5 e6 7.Qd2 a6 8.O-O-O 
h6 9.Be3 Be7 10.f3 Nxd4 11.Bxd4 e5 12.Be3 Be6 13.g4 b5 14.Kb1 Qa5 15.Qf2 
Rb8 16.Nd5 Nxd5 17.exd5 Bd7 18.h4 b4 19.Rg1 Bb5 20.f4 exf4 21.Bxf4 Qd8 22.
g5 hxg5 23.hxg5 g6 24.Re1 Kf8 25.Qa7 Ra8 26.Qd4 Rh4 27.Bxb5 axb5 28.Rh1 
1-0

[Event "32nd Rilton Cup"]
[Site "Stockholm SWE"]
[Date "2002.12.28"]
[Round "2.8"]
[White "Wedberg, Tom"]
[Black "Spielmann, Alain"]
[Result "1-0"]
[WhiteElo "2530"]
[BlackElo "2308"]
[EventDate "2002.12.27"]
[PlyCount "55"]

1.e4 e6 2.d4 d5 3.Nc3 Bb4 4.e5 c5 5.a3 Bxc3+ 6.bxc3 Ne7 7.Nf3 Bd7 8.a4 Qa5
9.Bd2 Nbc6 10.Bb5 a6 11.Bxc6 Nxc6 12.O-O O-O 13.Re1 Qc7 14.dxc5 Na5 15.Nd4
Nc4 16.Bg5 Rae8 17.Nb3 Nxe5 18.Bf4 f6 19.Qd4 Rf7 20.Nc1 Qa5 21.Bxe5 fxe5 
22.Rxe5 Ref8 23.Nd3 Bb5 24.Rxe6 Bxd3 25.cxd3 Rxf2 26.Re7 R2f7 27.Qxd5 Qxc3
28.Rxf7 1-0

[Event "32nd Rilton Cup"]
[Site "Stockholm SWE"]
[Date "2002.12.28"]
[Round "2.9"]
[White "Lehtinen, Hekki"]
[Black "Brynell, Stellan"]
[Result "0-1"]
[WhiteElo "2332"]
[BlackElo "2524"]
[EventDate "2002.12.27"]
[PlyCount "72"]

1.c4 e5 2.g3 Nf6 3.Bg2 c6 4.d4 Bb4+ 5.Bd2 Bxd2+ 6.Qxd2 d6 7.Nc3 Qe7 8.e3 
O-O 9.Nge2 Re8 10.h3 h5 11.O-O-O Nbd7 12.b3 a5 13.Kb2 Nb6 14.a4 Be6 15.d5 
cxd5 16.cxd5 Bd7 17.Rc1 Rec8 18.e4 Be8 19.h4 Nbd7 20.Bh3 Rc7 21.Bxd7 Nxd7 
22.Nb5 Rxc1 23.Rxc1 Nc5 24.Nec3 Bxb5 25.axb5 Qf6 26.Rc2 Qg6 27.Qe3 f5 28.
Re2 Rf8 29.b6 fxe4 30.Nxe4 Nxe4 31.Qxe4 Qxe4 32.Rxe4 Rxf2+ 33.Ka3 Rc2 34.
b4 axb4+ 35.Kxb4 Rb2+ 36.Ka5 Rd2 0-1

[Event "32nd Rilton Cup"]
[Site "Stockholm SWE"]
[Date "2002.12.28"]
[Round "2.10"]
[White "Cramling, Pia"]
[Black "Trygstad, Kristian"]
[Result "1-0"]
[WhiteElo "2508"]
[BlackElo "2299"]
[EventDate "2002.12.27"]
[PlyCount "95"]

1.d4 Nf6 2.c4 g6 3.Nc3 Bg7 4.e4 d6 5.h3 O-O 6.Bg5 c5 7.d5 e6 8.Bd3 exd5 9.
cxd5 Re8 10.Nge2 a6 11.O-O Nbd7 12.Ng3 b5 13.Kh1 Qc7 14.Qd2 c4 15.Bc2 Nc5 
16.a3 Nfd7 17.Bh6 f6 18.Bxg7 Kxg7 19.f4 Bb7 20.Rae1 Qb6 21.Re3 Rf8 22.Nce2
Rae8 23.Nd4 Kh8 24.f5 Ne5 25.fxg6 hxg6 26.Ref3 Qc7 27.Rxf6 Qg7 28.Qg5 Rf7 
29.Nge2 Ncd7 30.Qh4+ Kg8 31.Rxf7 Nxf7 32.Ne6 Qh6 33.Qg3 Nde5 34.N2d4 Bc8 
35.Rf6 Kh7 36.Kh2 Qh5 37.Rf4 g5 38.Rf6 Rg8 39.Nf5 g4 40.Ne7 Re8 41.Nxc8 
Rxc8 42.Nf4 Qg5 43.Rf5 Qe7 44.Rh5+ Kg8 45.Bd1 Ng5 46.Bxg4 Nxe4 47.Be6+ Kf8
48.Rh8# 1-0

[Event "32nd Rilton Cup"]
[Site "Stockholm SWE"]
[Date "2002.12.28"]
[Round "2.11"]
[White "Handke, Florian"]
[Black "Lundvik, Jonas"]
[Result "1/2-1/2"]
[WhiteElo "2504"]
[BlackElo "2270"]
[EventDate "2002.12.27"]
[PlyCount "112"]

1.e4 e6 2.d4 d5 3.Nd2 Nf6 4.e5 Nfd7 5.Bd3 c5 6.c3 Nc6 7.Ne2 cxd4 8.cxd4 
Qb6 9.Nf3 f6 10.exf6 Nxf6 11.O-O Bd6 12.b3 O-O 13.Bf4 Bxf4 14.Nxf4 Bd7 15.
Rc1 Rac8 16.Re1 Nxd4 17.Ne5 Rxc1 18.Qxc1 Bc8 19.Re3 Nc6 20.Nxc6 bxc6 21.
Qc2 Re8 22.Rf3 e5 23.Nh5 e4 24.Nxf6+ gxf6 25.Rg3+ Kh8 26.Bf1 Rg8 27.Qc3 c5
28.Rxg8+ Kxg8 29.Qg3+ Kf7 30.Qh4 Bf5 31.Qh5+ Ke6 32.Qe8+ Kd6 33.Be2 Be6 
34.Qf8+ Ke5 35.Qg7 Bf5 36.Qg3+ Ke6 37.Qg8+ Kd6 38.Qg7 Qd8 39.Qxa7 d4 40.b4
Qc7 41.Qa6+ Ke5 42.b5 Bc8 43.Qa3 d3 44.Qc3+ Kd5 45.Bd1 c4 46.Qxf6 Qa5 47.
Qc6+ Kd4 48.Qf6+ Kc5 49.Qe5+ Kb4 50.Qb2+ Kc5 51.Qe5+ Kb6 52.Qd6+ Ka7 53.
Qd4+ Kb8 54.Qe5+ Ka7 55.Qd4+ Kb8 56.Qe5+ Ka7 1/2-1/2

[Event "32nd Rilton Cup"]
[Site "Stockholm SWE"]
[Date "2002.12.28"]
[Round "2.12"]
[White "Lobron, Eric"]
[Black "Winge, Stefan"]
[Result "1-0"]
[WhiteElo "2500"]
[BlackElo "2262"]
[EventDate "2002.12.27"]
[PlyCount "87"]

1.Nf3 Nf6 2.c4 g6 3.Nc3 d5 4.cxd5 Nxd5 5.Qb3 Nxc3 6.Qxc3 f6 7.e4 Be6 8.d4 
c6 9.Bc4 Bxc4 10.Qxc4 Qd6 11.Qb3 b6 12.O-O Nd7 13.g3 Bg7 14.Bf4 e5 15.dxe5
fxe5 16.Rfd1 Qe7 17.Be3 h6 18.Nh4 Nf8 19.Rac1 Rc8 20.Qa4 Qc7 21.Rd3 Kf7 
22.Rdc3 c5 23.b4 Bf6 24.bxc5 Bxh4 25.Qb4 b5 26.c6 Kf6 27.gxh4 Ne6 28.Ra3 
Ra8 29.Qxb5 Rhb8 30.Qe2 a5 31.Rd3 Rd8 32.Rd5 Rd6 33.Rxd6 Qxd6 34.Bxh6 Nd4 
35.Qg4 Qe6 36.Qg5+ Kf7 37.Kg2 Rh8 38.c7 Rc8 39.h5 Ne2 40.hxg6+ Qxg6 41.
Qxg6+ Kxg6 42.Rc6+ Kf7 43.Be3 Rg8+ 44.Kf1 1-0

[Event "32nd Rilton Cup"]
[Site "Stockholm SWE"]
[Date "2002.12.28"]
[Round "2.13"]
[White "Vasquez Schroder, Rodrigo"]
[Black "Hellborg, Teodor"]
[Result "1-0"]
[WhiteElo "2481"]
[BlackElo "2240"]
[EventDate "2002.12.27"]
[PlyCount "111"]

1.Nf3 c5 2.c4 Nc6 3.Nc3 e5 4.g3 g6 5.Bg2 Bg7 6.d3 Nge7 7.h4 h6 8.Nd2 d6 9.
Nf1 Nf5 10.Rb1 O-O 11.a3 a5 12.Nd2 Nfd4 13.e3 Ne6 14.h5 g5 15.g4 Nc7 16.
Nde4 Be6 17.Ng3 Qd7 18.Bf3 d5 19.cxd5 Nxd5 20.Nxd5 Bxd5 21.Bxd5 Qxd5 22.e4
Qd7 23.Be3 Rfd8 24.Bxc5 Qxd3 25.Qxd3 Rxd3 26.Ke2 Rb3 27.Rhd1 Bf8 28.Be3 
Rd8 29.Rxd8 Nxd8 30.Kd2 a4 31.Kc2 Ne6 32.Nf5 b5 33.Rd1 b4 34.axb4 Rxb4 35.
f3 Rc4+ 36.Kb1 Rc6 37.Rd5 Ng7 38.Rxe5 Nxf5 39.exf5 a3 40.Re8 f6 41.bxa3 
Kf7 42.Re6 Rc3 43.Rxf6+ Kg8 44.Re6 Rxa3 45.Re8 Rc3 46.Kb2 Rc7 47.Ra8 Rc6 
48.Kb3 Kf7 49.Ra7+ Kg8 50.Bd4 Rc1 51.Ra2 Rf1 52.Bf2 Bg7 53.Kc4 Rd1 54.Ra3 
Kf7 55.Rd3 Ra1 56.Rd7+ 1-0

[Event "32nd Rilton Cup"]
[Site "Stockholm SWE"]
[Date "2002.12.28"]
[Round "2.14"]
[White "Berkell, Peder"]
[Black "Djurhuus, Rune"]
[Result "1/2-1/2"]
[WhiteElo "2310"]
[BlackElo "2479"]
[EventDate "2002.12.27"]
[PlyCount "78"]

1.d4 Nf6 2.Nf3 g6 3.c4 Bg7 4.Nc3 O-O 5.Bg5 h6 6.Bh4 c5 7.e3 d6 8.Be2 Nc6 
9.d5 Nb8 10.e4 g5 11.Bg3 Nh5 12.Qd2 f5 13.exf5 Bxf5 14.O-O Nd7 15.Rae1 a6 
16.Bd3 Nxg3 17.hxg3 Qe8 18.Bxf5 Rxf5 19.Qd3 Qf8 20.Rxe7 Rxf3 21.Rxg7+ Kxg7
22.Qxf3 Qxf3 23.gxf3 Ne5 24.f4 gxf4 25.gxf4 Nxc4 26.Re1 Rf8 27.b3 Nb6 28.
Re7+ Rf7 29.Re6 Nc8 30.Ne4 Rxf4 31.Nxd6 Nxd6 32.Rxd6 Rf6 33.Rd7+ Rf7 34.
Rd6 h5 35.Kg2 Rf6 36.Rd7+ Rf7 37.Rd6 Rf6 38.Rd7+ Rf7 39.Rd6 Rf6 1/2-1/2